Sledovanie obsahu bielkovín v mäsových výrobkoch

Gespeichert in:
Bibliographische Detailangaben
1. Verfasser: Šubová, Andrea
Format: Software Buch
Sprache:Slowakisch
Veröffentlicht: Bratislava STU FCHPT 2012
Online-Zugang:Im OPAC anzeigen
Tags: Tag hinzufügen
Keine Tags, Fügen Sie das erste Tag hinzu!

MARC

LEADER 00000nam a2200000 a 4500
005 20260127134403.0
007 co ugu
008 120921 2012 xo 000 0 slo d
035 |a vtls010452096 
039 9 |y 201209210856  |z mschk03 
040 |a STUSCHK1  |b slo  |c STUSCHK1  |e AACR2 
100 1 |a Šubová, Andrea 
245 1 |a Sledovanie obsahu bielkovín v mäsových výrobkoch  |c Andrea Šubová 
260 |a Bratislava  |b STU FCHPT  |c 2012 
300 |a 1 elektronický disk 
500 |a Obháj.: 9.7. 2012 
500 |a Študijný program: potravinárstvo 
500 |a Študijný odbor: 5.2.24 potravinárstvo 
500 |a Bakalárska práca na CD-ROMe 
500 |a FCHPT, Oddelenie potravinárskej technológie 
500 |a Evidenčné číslo: 5453-58781 
910 |a SCHK95 
999 |c 11489  |d 11489